000 00401pab a2200169 454500
008 180718b2001 xxu||||| |||| 00| 0 eng d
100 _aBalakrishnan, Pulapre
245 _aAn equal governance
260 _c2001
300 _ap10
362 _a30 Jun
650 _aIndia - Economic policy
650 _aEconomic reform - India
650 _aEconomic reform
773 _aHindu
909 _a49481
999 _c49481
_d49481